Αρχές οικονομικής θεωρίας με αναφορές στις ευρωπαϊκές οικονομίες : μακροοικονομική

Αποθηκεύτηκε σε:
Λεπτομέρειες βιβλιογραφικής εγγραφής
Κύριος συγγραφέας: Mankiw, N. Gregory
Άλλοι συγγραφείς: Taylor, Mark P., 1958-, Σακκά, Ανδριάνα (Μεταφραστής)
Μορφή: Βιβλίο
Γλώσσα:Greek
Δημοσίευση: Αθήνα : Gutenberg, c2010
Θέματα:
Ετικέτες: Προσθήκη ετικέτας
Δεν υπάρχουν, Καταχωρήστε ετικέτα πρώτοι!

MARC

LEADER 00000cam a2200000 i 4500
001 1/31608
008 130611s2010 gre d
020 |a 978-960-01-1329-7 
035 |l 10114765 
040 |a GR-MY-UA  |b gre  |e aacr 
041 0 |a gre 
082 0 |a 330  |2 (22) 
100 1 |a Mankiw, N. Gregory. 
245 1 0 |a Αρχές οικονομικής θεωρίας με αναφορές στις ευρωπαϊκές οικονομίες :  |b μακροοικονομική /  |c Gregory N. Mankiw, Mark P. Taylor ; Μετάφραση Ανδριάνα Σακκά ; Επιστημονική επιμέλεια-πρόλογος Θεόδωρος Π. Λιανός 
260 |a Αθήνα :   |b Gutenberg,   |c c2010 
300 |a 604 σ.;  |b πίν., διαγρ.;  |c 24 εκ. 
500 |a Τόμος 2: Συμπλήρωμα για τη χρηματοπιστωτική κρίση του 2007-2009 
650 0 0 |a Microeconomics. 
650 0 0 |a Macroeconomics. 
650 0 0 |a Economics. 
700 1 |a Taylor, Mark P.,   |d 1958- 
700 1 |a Σακκά, Ανδριάνα.  |4 trl 
852 |a INST  |b CHIOS  |c EUDOXUS  |d 2  |e 20130611  |h 330 MAN  |p 005200035264  |q 005200035264  |t EDX  |y 0 
852 |a INST  |b CHIOS  |c EUDOXUS  |d 2  |e 20150518  |h 330 MAN  |p 005200037546  |q 005200037546  |t EDX  |y 0 
852 |a INST  |b CHIOS  |c EUDOXUS  |d 2  |e 20150518  |h 330 MAN  |p 005200037547  |q 005200037547  |t EDX  |y 0 
920 |a Εύδοξος  |b Παραγγελία  |y Χίος  |z 2013-05 
920 |a Εύδοξος  |b Παραγγελία  |y Χίος-ΤΔΕ  |z 2015-05 
970 |a Πουλάκη  |b Στέλλα  |z 2013/06/11